| 000 | 06654cam a22018134i 4500 | ||
|---|---|---|---|
| 003 | PE-LiUPU | ||
| 005 | 20250813165922.0 | ||
| 008 | 150706s2012 r 000 0 d | ||
| 020 | _a9786124073151 | ||
| 035 | _a(Sirsi) i9786124073151 | ||
| 040 |
_aPE-LiUPU _bspa _cPE-LiUPU _erda |
||
| 049 | _aPRUA | ||
| 082 | 0 | 4 |
_a658.408 _bF79 _221 |
| 100 | 1 |
_aFoy V., Pierre, _eautor. |
|
| 245 | 1 | 0 |
_aGestión ambiental y empresa / _ca cura de Pierre Foy V. |
| 264 | 1 |
_aLima : _bRodhas, _c2012. |
|
| 300 |
_a693 páginas : _bilustraciones ; _c25 cm. |
||
| 336 |
_atext _2rdacontent |
||
| 337 |
_aunmediated _2rdamedia |
||
| 338 |
_avolume _2rdacarrier |
||
| 505 | 0 | _aBases generales de la gestión ambiental de la empresa -- Introducción a los sistemas integrados de gestión ambiental de la empresa -- Desarrollo sostenible en américa latina: Empresa privada y sentido común -- Bases conceptuales a modo de fuentes materiales para juridificar los negocios ambientales -- Apuntes para una ética ambiental y empresarial -- La gestión ambiental del estado -- Economía y empresa: Insttrumentos económicos ambientales y empresa -- Guía para la implementación de buenas prácticas de ecoeficiencia en instituciones del sector público -- El debate de lo permisible: Sobre las presisas para el debido ejercicio del derecho a la participación ciudadana como parte de la dinámica de aprovechamiento de recursos naturales -- Economía de mercado, empresarios y ambiente: Los obstáculos políticos de la gestión ambiental en el Perú -- Entendiendo los conflictos socio ambaientales a partir de la lógica del ciclo minero -- La responsabilidad cívica de las empresas en la economía mundial -- Una introducción a las justificaciones económicas del derecho ambiental -- Comercio y medio ambiente -- Conflictos socioambientales y estado en el Perú -- Bases jurídicas de la gestión ambiental de la empresa -- La empresa y la ley general del ambiente -- Empresa, ambiente y tribunal constitucional -- Recursos naturales, diversidad biológica y áreas naturales protegidas -- Derecho laboral ambiental -- Derecho tributario ambiental -- Los principios constitucionales tributarios en los tributos ambientales y bases para su diseño -- Tegistros ambientales y recursos naturales -- Regulación de los recursos hídricos: Aspectos relevantes para la industria -- Derecho ambiental, empresa y actividades en recursos naturales no renovables -- Minería y medio ambiente en el Perú. Una aproximación jurídica -- Industria, legislación y medio ambiente -- Normativa en salud amiaental y empresa -- Marco legal ambiental del transporte, comercio y turismo -- Empresa y derecho internacional ambiental -- Aspectos específicos de la gestión ambiental de la empresa -- Fortalecimiento del papel del comercio y la industria -- Responsabilidad social ambiental de las Mypes -- Consideraciónes pre jurídicas sobre el desarrollo turístico sostenible -- El desarrollo sostenible y las actividades turísticas en éreas naturales protegidad. A propósito del ordenamiento del ecoturismo en espacios protegidos -- Carta del turismo sostenible -- Descripción general del sector pesquero peruano -- Hacia una ordenación pesquera basada en el ecosistema -- De la circulación a la movilidad cotidiana sostenible -- Declaración internacional sobre producción más limpia. | |
| 526 | _aP203 | ||
| 526 | _aP200 | ||
| 526 | _aSEG65 | ||
| 526 | _aSEG64 | ||
| 526 | _aSEG63 | ||
| 526 | _aSEG62 | ||
| 526 | _aSEG61 | ||
| 526 | _aSEG60 | ||
| 526 | _aSEG59 | ||
| 526 | _aSEG58 | ||
| 526 | _aSEG57 | ||
| 526 | _aSEG56 | ||
| 526 | _aSEG55 | ||
| 526 | _aSEG54 | ||
| 526 | _aSEG53 | ||
| 526 | _aSEG52 | ||
| 526 | _aSEG51 | ||
| 526 | _aSEG50 | ||
| 526 | _aSEG49 | ||
| 526 | _aSEG48 | ||
| 526 | _aSEG47 | ||
| 526 | _aSEG46 | ||
| 526 | _aSEG24 | ||
| 526 | _aSEG23 | ||
| 526 | _aSEG22 | ||
| 526 | _aSEG21 | ||
| 526 | _aSEG20 | ||
| 526 | _aSEG19 | ||
| 526 | _aSEG18 | ||
| 526 | _aSEG17 | ||
| 526 | _aSEG16 | ||
| 526 | _aSEG14 | ||
| 526 | _aSEG13 | ||
| 526 | _aSEG12 | ||
| 526 | _aSEG11 | ||
| 526 | _aSEG10 | ||
| 526 | _aSEG09 | ||
| 526 | _aSEG06 | ||
| 526 | _aSEG05 | ||
| 526 | _aSEG04 | ||
| 526 | _aSEG03 | ||
| 526 | _aSEG02 | ||
| 526 | _aSEG68 | ||
| 526 | _aSEG66 | ||
| 526 | _aSEG45 | ||
| 526 | _aSEG25 | ||
| 526 | _aSEG01 | ||
| 526 | _aP163 | ||
| 526 | _aP162 | ||
| 526 | _aP161 | ||
| 526 | _aP160 | ||
| 526 | _aP159 | ||
| 526 | _aP158 | ||
| 526 | _aP157 | ||
| 526 | _aP156 | ||
| 526 | _aP155 | ||
| 526 | _aP154 | ||
| 526 | _aP153 | ||
| 526 | _aP152 | ||
| 526 | _aP151 | ||
| 526 | _aP150 | ||
| 526 | _aP149 | ||
| 526 | _aP142 | ||
| 526 | _aP141 | ||
| 526 | _aP140 | ||
| 526 | _aP139 | ||
| 526 | _aP138 | ||
| 526 | _aP137 | ||
| 526 | _aP132 | ||
| 526 | _aP131 | ||
| 526 | _aP130 | ||
| 526 | _aP126 | ||
| 526 | _aP125 | ||
| 526 | _aP124 | ||
| 526 | _aP123 | ||
| 526 | _aP115 | ||
| 526 | _aP122 | ||
| 526 | _aP121 | ||
| 526 | _aP116 | ||
| 526 | _a P114 | ||
| 526 | _aP112 | ||
| 526 | _aP111 | ||
| 526 | _aP104 | ||
| 526 | _aP103 | ||
| 526 | _aP102 | ||
| 526 | _aP101 | ||
| 526 | _aP100 | ||
| 526 | _aP96 | ||
| 526 | _aP95 | ||
| 526 | _aP93 | ||
| 526 | _aP92 | ||
| 526 | _aP91 | ||
| 526 | _aP88 | ||
| 526 | _aP83 | ||
| 526 | _aP82 | ||
| 526 | _aP79 | ||
| 526 | _aP78 | ||
| 526 | _aP75 | ||
| 526 | _aP74 | ||
| 526 | _aP71 | ||
| 526 | _aP69 | ||
| 526 | _a P51 | ||
| 526 | _aP49 | ||
| 526 | _aP48 | ||
| 526 | _aP47 | ||
| 526 | _aP33 | ||
| 526 | _aP31 | ||
| 526 | _a P30 | ||
| 526 | _aP29 | ||
| 526 | _aP27 | ||
| 526 | _aP26 | ||
| 526 | _aP25 | ||
| 526 | _aP24 | ||
| 526 | _a P22 | ||
| 526 | _aP10 | ||
| 526 | _aP09 | ||
| 526 | _a P08 | ||
| 526 | _aP06 | ||
| 526 | _aP05 | ||
| 526 | _aP04 | ||
| 526 | _aP01 | ||
| 541 | _g015-001551; | ||
| 650 | 0 | 4 |
_aEmpresas _xAspectos ambientales. |
| 650 | 0 | 4 |
_aAdministración de empresas _xAspectos ambientales. |
| 650 | 0 | 4 |
_aDesarrollo sostenible. _9488 |
| 650 | 0 | 4 |
_aGestión ambiental. _9485 |
| 910 |
_cbd _d20130606 |
||
| 942 |
_2ddc _cBOOK |
||
| 949 |
_a658.408 F79 _wDEWEY _c1 _i67463 _lCCODEBUL1 _mBUL _p39.00 _r0 _sY _tBOOK _u2015-7-6 _xINGENIERIA _PP24 _o.STAFF. Colección General |
||
| 994 |
_aC0 _bPEPRU |
||
| 596 | _a1 | ||
| 999 |
_a658.408 F79 _wDEWEY _c55106 _i67463 _d55106 _e2019-9-17 _f2021-11-8 _g7 _lCCODEBUL1 _mBUL _n3 _p39.00 _q2 _r0 _sY _tBOOK _u2015-7-6 _xFCE _PP24 _0COMPRA _o.STAFF. Colección General |
||
| 980 |
_81 _gALBERTO SANCHEZ Responsable de Automatización |
||